00317nam a2200121Ia 4500008004100000041000800041082001400049100001600063245004500079260002900124300003000153365001200183240624s9999 xx 000 0 und d aeng a658.8 CLA aCLARK NIGEL aPROFESSIONAL SERVICES MARKETING HANDBOOK c2015aLondonbKogan Page aix, : 262 : p. : cm. ; 23 cGBPb30